[Event "Airthings Masters Play In"]
[Site "Chess.com INT"]
[Date "2023.02.03"]
[Round "4"]
[White "Preotu, Razvan"]
[Black "Piorun, Kacper"]
[Result "0-1"]
[WhiteElo "2494"]
[BlackElo "2609"]
[WhiteFideId "-1"]
[WhiteFideId "-1"]
[PlyCount "146"]
[GameId "1878836622999552"]
[EventDate "2023.02.03"]
[EventType "swiss (rapid)"]
[EventRounds "9"]
[EventCountry "USA"]
[SourceTitle "CBM 212 Extra"]
[Source "ChessBase"]
[SourceDate "2023.03.31"]
[SourceVersion "1"]
[SourceVersionDate "2023.03.31"]
[SourceQuality "1"]

1. e4 e6 2. d4 d5 3. Nc3 Nf6 4. e5 Nfd7 5. f4 c5 6. Nf3 Nc6 7. Be3 a6 8. Ne2 Be7 9. c3 O-O 10. h4 f6 11. Qc2 b5 12. g3 b4 13. exf6 Nxf6 14. Bh3 bxc3 15. bxc3 cxd4 16. Nexd4 Nxd4 17. Bxd4 Ne4 18. Ng5 Bxg5 19. hxg5 e5 20. Bxe5 Bxh3 21. Rxh3 Qd7 22. Qh2 Nxg5 23. fxg5 Rae8 24. O-O-O Rxe5 25. Rxh7 Qf5 26. Rh8+ Kf7 27. g6+ Kxg6 28. Rxf8 Qxf8 29. Rh1 Qf3 30. Qc2+ Kf7 31. Rd1 Qxg3 32. Kb2 Qf3 33. Rd2 Kg8 34. Qb3 Re2 35. Qb8+ Kh7 36. Rxe2 Qxe2+ 37. Ka3 Qc4 38. Qe5 Kg6 39. Kb2 Qc6 40. Qg3+ Kf7 41. Qf3+ Kg8 42. Qf5 g6 43. Qe5 Kf7 44. Kc2 Qa4+ 45. Kb2 Qb5+ 46. Kc2 Qc4 47. Kb2 Qc6 48. Kc2 Qe6 49. Qc7+ Kf6 50. Kb2 g5 51. Qd8+ Kf5 52. Qf8+ Ke4 53. Qf2 g4 54. Qe2+ Kf5 55. Qf2+ Kg6 56. Qf4 Qe2+ 57. Ka3 Qf3 58. Qd6+ Kg5 59. Qe7+ Kf4 60. Qd6+ Ke3 61. Qxa6 g3 62. Qb6+ Ke2 63. Qb2+ Kf1 64. Qc1+ Kf2 65. Qd2+ Kf1 66. Qc1+ Ke2 67. Qc2+ Ke3 68. Qc1+ Ke4 69. Qc2+ Qd3 70. Qg2+ Kf4 71. Kb2 d4 72. cxd4 Qxd4+ 73. Ka3 Qe3+ 0-1

[Event "Airthings Masters Play In"]
[Site "Chess.com INT"]
[Date "2023.02.03"]
[Round "5"]
[White "Preotu, Razvan"]
[Black "Pap, Gyula"]
[Result "1-0"]
[WhiteElo "2494"]
[BlackElo "2429"]
[WhiteFideId "-1"]
[WhiteFideId "-1"]
[PlyCount "124"]
[GameId "1878836623261696"]
[EventDate "2023.02.03"]
[EventType "swiss (rapid)"]
[EventRounds "9"]
[EventCountry "USA"]
[SourceTitle "CBM 212 Extra"]
[Source "ChessBase"]
[SourceDate "2023.03.31"]
[SourceVersion "1"]
[SourceVersionDate "2023.03.31"]
[SourceQuality "1"]

1. e4 e5 2. Nf3 Nc6 3. Bc4 Nf6 4. d3 Be7 5. O-O O-O 6. Re1 d6 7. a4 Kh8 8. c3 Ng8 9. d4 f5 10. exf5 Bxf5 11. dxe5 dxe5 12. Be3 Qe8 13. a5 e4 14. Nd4 Ne5 15. Nxf5 Nxc4 16. Qd4 Rxf5 17. Qxc4 Bd6 18. Nd2 Nf6 19. Bd4 Qh5 20. h3 Rxa5 21. Rxa5 Qxa5 22. Bxf6 gxf6 23. Qxe4 Qe5 24. Qxe5 fxe5 25. Nc4 Re8 26. f4 Bc5+ 27. Kh2 e4 28. Ne5 e3 29. b4 Bb6 30. Kg3 Kg7 31. Kf3 Rd8 32. Nc4 Kf6 33. g4 Rd5 34. Ke4 Rd8 35. g5+ Kg6 36. Nxb6 cxb6 37. Rxe3 a5 38. bxa5 bxa5 39. h4 b5 40. f5+ Kh5 41. Kf4 Rd1 42. Re6 Rf1+ 43. Kg3 Rg1+ 44. Kf2 Rd1 45. Rh6+ Kg4 46. f6 Rd7 47. Rxh7 Rxh7 48. g6 Rh5 49. g7 Rf5+ 50. Ke3 Rxf6 51. g8=Q+ Kf5 52. Qg5+ Ke6 53. Qxb5 Rf5 54. Qa6+ Kf7 55. c4 Ke7 56. Kd4 Rh5 57. c5 Rxh4+ 58. Kd5 Rh5+ 59. Kc4 Rh4+ 60. Kb5 a4 61. Qd6+ Kf7 62. c6 Rh5+ 1-0

[Event "Airthings Masters Play In"]
[Site "Chess.com INT"]
[Date "2023.02.03"]
[Round "6"]
[White "Sharapov, Evgeny"]
[Black "Preotu, Razvan"]
[Result "0-1"]
[WhiteElo "2375"]
[BlackElo "2494"]
[WhiteFideId "-1"]
[WhiteFideId "-1"]
[PlyCount "126"]
[GameId "1878836623507456"]
[EventDate "2023.02.03"]
[EventType "swiss (rapid)"]
[EventRounds "9"]
[EventCountry "USA"]
[SourceTitle "CBM 212 Extra"]
[Source "ChessBase"]
[SourceDate "2023.03.31"]
[SourceVersion "1"]
[SourceVersionDate "2023.03.31"]
[SourceQuality "1"]

1. e4 e6 2. d4 d5 3. exd5 exd5 4. Nf3 Nf6 5. Bd3 Bd6 6. O-O O-O 7. h3 h6 8. Re1 Nbd7 9. Nc3 c6 10. Ne2 Qc7 11. c3 Re8 12. Be3 Nf8 13. Qc1 Ne4 14. Bf4 Ng6 15. Bxd6 Qxd6 16. Ng3 Bxh3 17. Nxe4 dxe4 18. Bxe4 Bg4 19. Bxg6 Bxf3 20. Bc2 Bd5 21. Qd2 Qf6 22. Bb3 Bxb3 23. axb3 a6 24. Re3 Re6 25. Rae1 Rae8 26. Rxe6 Rxe6 27. Rxe6 Qxe6 28. c4 Kf8 29. d5 cxd5 30. cxd5 Qd6 31. Qd4 f6 32. f4 g5 33. g3 gxf4 34. gxf4 Ke7 35. Qe4+ Kd8 36. Kg2 Qe7 37. Qd3 Qg7+ 38. Kf2 Qg4 39. Qd4 Qf5 40. Qb6+ Kc8 41. Qc5+ Kd7 42. Ke3 Qh3+ 43. Ke4 Qxb3 44. Kf5 Qxb2 45. Kg6 Qb5 46. Qd4 a5 47. Kxf6 Qb4 48. Qd3 Qxf4+ 49. Kg7 Qg5+ 50. Kh7 Kd6 51. Qa3+ Kxd5 52. Qxa5+ Kc6 53. Qa4+ Qb5 54. Qe4+ Qd5 55. Qa4+ b5 56. Qa8+ Kc5 57. Qa7+ Kc4 58. Qa2+ Kc5 59. Qa7+ Kd6 60. Qb8+ Ke7 61. Qc7+ Qd7 62. Qc5+ Kf6+ 63. Kxh6 Qh3+ 0-1

[Event "Airthings Masters Play In"]
[Site "Chess.com INT"]
[Date "2023.02.03"]
[Round "7"]
[White "Ibarra Jerez, Jose Carlos"]
[Black "Preotu, Razvan"]
[Result "0-1"]
[WhiteElo "2563"]
[BlackElo "2494"]
[WhiteFideId "-1"]
[WhiteFideId "-1"]
[PlyCount "128"]
[GameId "1878836623785984"]
[EventDate "2023.02.03"]
[EventType "swiss (rapid)"]
[EventRounds "9"]
[EventCountry "USA"]
[SourceTitle "CBM 212 Extra"]
[Source "ChessBase"]
[SourceDate "2023.03.31"]
[SourceVersion "1"]
[SourceVersionDate "2023.03.31"]
[SourceQuality "1"]

1. e4 e6 2. d4 d5 3. Nc3 Nf6 4. Bg5 h6 5. Bxf6 Qxf6 6. a3 c6 7. Nf3 Qd8 8. Bd3 Be7 9. Qd2 a5 10. O-O O-O 11. Rfe1 Nd7 12. Qf4 b6 13. exd5 exd5 14. Re3 Ba6 15. Bxa6 Rxa6 16. Rae1 Bf6 17. Qd6 Qc8 18. a4 Ra7 19. Ne2 Qc7 20. Qa3 Raa8 21. g3 Bg5 22. Nxg5 hxg5 23. Re7 Qd8 24. Nc3 Nf6 25. R1e5 Re8 26. Rxe8+ Nxe8 27. Qe7 Nc7 28. Kg2 Qxe7 29. Rxe7 Rc8 30. Nd1 Kf8 31. Re1 Ne6 32. c3 Rd8 33. Ne3 g6 34. Rb1 c5 35. Rd1 cxd4 36. cxd4 f5 37. Nc2 Ke7 38. Rd3 Rc8 39. Ne3 Kd6 40. Rb3 Rc6 41. Rb5 Nc7 42. Rb3 f4 43. Ng4 Ne6 44. Rd3 Rc4 45. Ne5 Rxa4 46. Nxg6 fxg3 47. fxg3 Rxd4 48. Rxd4 Nxd4 49. h4 gxh4 50. gxh4 Nf5 51. Kf3 Kc5 52. Kf4 Nxh4 53. Nxh4 Kc4 54. Ke5 Kb3 55. Kxd5 Kxb2 56. Nf3 a4 57. Ne5 Kc3 58. Nc4 b5 59. Na3 b4 60. Nb5+ Kd3 61. Kc5 a3 62. Nd4 a2 63. Nb3 Kc3 64. Na1 b3 0-1

[Event "Airthings Masters Play In"]
[Site "Chess.com INT"]
[Date "2023.02.03"]
[Round "8"]
[White "Preotu, Razvan"]
[Black "Radjabov, Teimour"]
[Result "1/2-1/2"]
[WhiteElo "2494"]
[BlackElo "2747"]
[WhiteFideId "-1"]
[WhiteFideId "-1"]
[PlyCount "98"]
[GameId "1878836623917056"]
[EventDate "2023.02.03"]
[EventType "swiss (rapid)"]
[EventRounds "9"]
[EventCountry "USA"]
[SourceTitle "CBM 212 Extra"]
[Source "ChessBase"]
[SourceDate "2023.03.31"]
[SourceVersion "1"]
[SourceVersionDate "2023.03.31"]
[SourceQuality "1"]

1. e4 c5 2. Nf3 Nc6 3. Bb5 g6 4. O-O Bg7 5. Re1 Nf6 6. c3 a6 7. Bxc6 dxc6 8. h3 O-O 9. d4 Qb6 10. Qc2 Rd8 11. Bf4 Be6 12. Nbd2 a5 13. Be5 a4 14. Ng5 Bd7 15. Nc4 Qa6 16. Ne3 Bh6 17. Nf3 Be6 18. dxc5 Nd7 19. Bd4 f6 20. e5 f5 21. c4 Qa5 22. b4 axb3 23. axb3 Qb4 24. Bc3 Qxc5 25. b4 Qb6 26. Nd4 Rxa1 27. Rxa1 Nf8 28. c5 Qc7 29. Nxe6 Nxe6 30. Qb3 Kf7 31. Nc4 Qd7 32. Na5 Qc8 33. Rd1 Rxd1+ 34. Qxd1 Nc7 35. Nxb7 Qxb7 36. Qd7 Qb8 37. Qxc6 Ne6 38. b5 Qa7 39. b6 Qa3 40. b7 Qxc3 41. b8=Q Qe1+ 42. Kh2 Bf4+ 43. g3 Qxf2+ 44. Qg2 Bxg3+ 45. Kh1 Qe1+ 46. Qg1 Qe4+ 47. Qg2 Qe1+ 48. Qg1 Qe4+ 49. Qg2 Qe1+ 1/2-1/2

[Event "Airthings Masters Play In"]
[Site "Chess.com INT"]
[Date "2023.02.03"]
[Round "9"]
[White "Praggnanandhaa, Rameshbabu"]
[Black "Preotu, Razvan"]
[Result "1-0"]
[WhiteElo "2690"]
[BlackElo "2494"]
[WhiteFideId "-1"]
[WhiteFideId "-1"]
[PlyCount "53"]
[GameId "1878836624060416"]
[EventDate "2023.02.03"]
[EventType "swiss (rapid)"]
[EventRounds "9"]
[EventCountry "USA"]
[SourceTitle "CBM 212 Extra"]
[Source "ChessBase"]
[SourceDate "2023.03.31"]
[SourceVersion "1"]
[SourceVersionDate "2023.03.31"]
[SourceQuality "1"]

1. e4 e6 2. d3 d5 3. Nd2 Nf6 4. Ngf3 Nc6 5. g3 Bd6 6. Bg2 O-O 7. O-O dxe4 8. dxe4 e5 9. c3 h6 10. Qc2 Be6 11. Rd1 a5 12. Nf1 Qe8 13. Ne3 Ne7 14. b3 a4 15. Bb2 Qc6 16. c4 axb3 17. axb3 Rxa1 18. Bxa1 Qxe4 19. Qc1 Qh7 20. c5 Bxb3 21. cxd6 cxd6 22. Rxd6 Rc8 23. Qb2 Ra8 24. Nxe5 Ne8 25. Rd7 Ra2 26. Qxb3 Rxa1+ 27. Bf1 1-0

[Event "Titled Tuesday 2023.01.31 Late"]
[Site "chess.com INT"]
[Date "2023.01.31"]
[Round "4"]
[White "Ozates, Tuna"]
[Black "Preotu, Razvan"]
[Result "1/2-1/2"]
[WhiteElo "2251"]
[BlackElo "2478"]
[WhiteFideId "-1"]
[WhiteFideId "-1"]
[PlyCount "24"]
[GameId "2130307563987656"]
[EventDate "2023.01.31"]
[EventType "swiss (blitz)"]
[EventRounds "11"]
[EventCountry "NET"]
[SourceTitle "The Week in Chess 1474"]
[Source "Mark Crowther"]
[SourceDate "2023.02.06"]
[SourceVersion "1"]
[SourceVersionDate "2023.02.06"]
[SourceQuality "2"]

1. e4 c5 2. Nf3 d6 3. Bb5+ Nd7 4. Ba4 Ngf6 5. O-O e6 6. Re1 Be7 7. c4 O-O 8. Nc3 Ne5 9. d3 Nxf3+ 10. Qxf3 a6 11. a3 Rb8 12. Bf4 Bd7 1/2-1/2

[Event "Titled Tuesday 2023.01.24 Late"]
[Site "Chess.com INT"]
[Date "2023.01.24"]
[Round "3"]
[White "Svane, Rasmus"]
[Black "Preotu, Razvan"]
[Result "1/2-1/2"]
[WhiteElo "2620"]
[BlackElo "2478"]
[WhiteFideId "-1"]
[WhiteFideId "-1"]
[PlyCount "67"]
[GameId "1874951558672384"]
[EventDate "2023.01.24"]
[EventType "swiss (blitz)"]
[EventRounds "11"]
[EventCountry "NET"]
[SourceTitle "EXT 2024"]
[Source "ChessBase"]
[SourceDate "2023.10.10"]
[SourceVersion "1"]
[SourceVersionDate "2023.10.10"]
[SourceQuality "1"]

1. Nf3 c5 2. c4 Nf6 3. Nc3 d5 4. cxd5 Nxd5 5. e3 e6 6. Nxd5 exd5 7. Bb5+ Nc6 8. O-O Bd6 9. d4 cxd4 10. Nxd4 O-O 11. Nxc6 bxc6 12. Bxc6 Bxh2+ 13. Kxh2 Qd6+ 14. Kg1 Qxc6 15. Bd2 Qg6 16. Bc3 Bh3 17. Qf3 Be6 18. Rac1 a5 19. Bd4 a4 20. a3 Rfc8 21. Qe2 h5 22. Kh2 h4 23. Qf3 Qg5 24. Rc3 Rxc3 25. Bxc3 Rc8 26. Rd1 Rc4 27. Rd4 Rxd4 28. Bxd4 Qg4 29. Qxg4 Bxg4 30. f3 Bf5 31. g4 hxg3+ 32. Kxg3 f6 33. Kf4 Bc2 34. Bc3 1/2-1/2

[Event "Titled Tuesday 2023.01.24 Late"]
[Site "Chess.com INT"]
[Date "2023.01.24"]
[Round "6"]
[White "Preotu, Razvan"]
[Black "Papayan, Oleg"]
[Result "1-0"]
[WhiteElo "2478"]
[BlackElo "2253"]
[WhiteFideId "-1"]
[WhiteFideId "-1"]
[PlyCount "51"]
[GameId "1874951560609792"]
[EventDate "2023.01.24"]
[EventType "swiss (blitz)"]
[EventRounds "11"]
[EventCountry "NET"]
[SourceTitle "EXT 2024"]
[Source "ChessBase"]
[SourceDate "2023.10.10"]
[SourceVersion "1"]
[SourceVersionDate "2023.10.10"]
[SourceQuality "1"]

1. e4 e5 2. Nf3 Nc6 3. Bc4 Nf6 4. d3 Bc5 5. c3 O-O 6. O-O d5 7. exd5 Nxd5 8. Re1 Bg4 9. h3 Bh5 10. Nbd2 Nb6 11. Bb3 Qxd3 12. Nxe5 Qf5 13. Nef3 Rad8 14. Qe2 Nd5 15. Ne4 Bxf3 16. Qxf3 Qxf3 17. gxf3 Bb6 18. a4 a5 19. Rd1 Nce7 20. Bg5 f6 21. Be3 Kh8 22. Bxb6 cxb6 23. Kf1 g6 24. Rd4 f5 25. Ng5 Rd7 26. Rad1 1-0

[Event "Titled Tuesday 2023.01.24 Late"]
[Site "Chess.com INT"]
[Date "2023.01.24"]
[Round "7"]
[White "Martinez Reyes, Pedro Ramon"]
[Black "Preotu, Razvan"]
[Result "1-0"]
[WhiteElo "2389"]
[BlackElo "2478"]
[WhiteFideId "-1"]
[WhiteFideId "-1"]
[PlyCount "73"]
[GameId "1874951561318400"]
[EventDate "2023.01.24"]
[EventType "swiss (blitz)"]
[EventRounds "11"]
[EventCountry "NET"]
[SourceTitle "EXT 2024"]
[Source "ChessBase"]
[SourceDate "2023.10.10"]
[SourceVersion "1"]
[SourceVersionDate "2023.10.10"]
[SourceQuality "1"]

1. e4 c5 2. Na3 Nc6 3. Nf3 g6 4. Bb5 Bg7 5. O-O Nf6 6. e5 Nd5 7. Bxc6 dxc6 8. Re1 Bf5 9. d3 h6 10. Nc4 g5 11. a4 Nc7 12. a5 Ne6 13. Bd2 Bg6 14. Bc3 Qd5 15. Nfd2 Rd8 16. Ne4 O-O 17. Qf3 Nd4 18. Bxd4 cxd4 19. Qg3 f5 20. exf6 exf6 21. Ned2 Rf7 22. Re2 f5 23. Rae1 f4 24. Qf3 Qxf3 25. Nxf3 Bh5 26. Re8+ Rxe8 27. Rxe8+ Bf8 28. Rb8 Re7 29. Kf1 Bxf3 30. gxf3 Rd7 31. Ne5 Rg7 32. Ng4 Rg6 33. Ne5 Rf6 34. Rxb7 Rf5 35. Nxc6 Rc5 36. Nxd4 Bg7 37. Rxg7+ 1-0

[Event "Titled Tuesday 2023.01.24 Late"]
[Site "Chess.com INT"]
[Date "2023.01.24"]
[Round "8"]
[White "Preotu, Razvan"]
[Black "Moral Garcia, Serafin"]
[Result "1-0"]
[WhiteElo "2478"]
[BlackElo "2223"]
[WhiteFideId "-1"]
[WhiteFideId "-1"]
[PlyCount "103"]
[GameId "1874951561891840"]
[EventDate "2023.01.24"]
[EventType "swiss (blitz)"]
[EventRounds "11"]
[EventCountry "NET"]
[SourceTitle "EXT 2024"]
[Source "ChessBase"]
[SourceDate "2023.10.10"]
[SourceVersion "1"]
[SourceVersionDate "2023.10.10"]
[SourceQuality "1"]

1. e4 e5 2. Nf3 Nf6 3. d4 Nxe4 4. Bd3 d5 5. Nxe5 Nd7 6. Nxd7 Bxd7 7. O-O Bd6 8. Nc3 Nxc3 9. bxc3 O-O 10. Qh5 f5 11. Bg5 Qe8 12. Qf3 c6 13. Bf4 Qg6 14. a4 Rae8 15. a5 Re7 16. Rab1 Bc8 17. c4 dxc4 18. Bxc4+ Kh8 19. c3 Rfe8 20. h4 h6 21. h5 Qf6 22. Bd3 Bxf4 23. Qxf4 Qg5 24. Qxg5 hxg5 25. g3 Kh7 26. g4 Kh6 27. Bxf5 Bxf5 28. gxf5 Kxh5 29. Kg2 Kg4 30. Rb4 Kxf5 31. Rfb1 Rb8 32. Rc4 Rc7 33. Rc5+ Ke6 34. Rxg5 b5 35. Re1+ Kd6 36. Rg6+ Kd5 37. Re5+ Kc4 38. Rc5+ Kd3 39. Rgxc6 Rxc6 40. Rxc6 b4 41. cxb4 Kxd4 42. Rc7 Rxb4 43. Rxg7 a6 44. Ra7 Kc5 45. Rxa6 Rf4 46. Ra8 Kb5 47. Kg3 Rf6 48. f4 Kc6 49. Kg4 Kb7 50. Re8 Rg6+ 51. Kf5 Rg1 52. Re5 1-0

[Event "Titled Tuesday 2023.01.24 Late"]
[Site "Chess.com INT"]
[Date "2023.01.24"]
[Round "10"]
[White "Kamsky, Gata"]
[Black "Preotu, Razvan"]
[Result "1-0"]
[WhiteElo "2666"]
[BlackElo "2478"]
[WhiteFideId "-1"]
[WhiteFideId "-1"]
[PlyCount "69"]
[GameId "1874951562817536"]
[EventDate "2023.01.24"]
[EventType "swiss (blitz)"]
[EventRounds "11"]
[EventCountry "NET"]
[SourceTitle "EXT 2024"]
[Source "ChessBase"]
[SourceDate "2023.10.10"]
[SourceVersion "1"]
[SourceVersionDate "2023.10.10"]
[SourceQuality "1"]

1. e4 c5 2. Nf3 d6 3. d4 cxd4 4. Nxd4 Nf6 5. Nc3 a6 6. a4 e5 7. Nf3 Be7 8. Bc4 Be6 9. Qe2 Qc8 10. Ba2 Nc6 11. O-O Nb4 12. Bb3 O-O 13. Bg5 h6 14. Bxf6 Bxf6 15. Rfd1 Qc5 16. Ne1 Bxb3 17. cxb3 Nc6 18. Nd5 Bd8 19. Rac1 Qa7 20. Nf3 Bb6 21. b4 Nd4 22. Nxd4 Bxd4 23. Rc7 Kh8 24. Qf3 Rac8 25. Rdc1 Qb8 26. g3 b6 27. Rxc8 Rxc8 28. Rxc8+ Qxc8 29. Qxf7 Qc2 30. Qf8+ Kh7 31. Qf5+ Kh8 32. Ne7 Qc4 33. Kg2 b5 34. a5 Bxb2 35. h4 1-0

[Event "Titled Tuesday 2023.01.24 Late"]
[Site "Chess.com INT"]
[Date "2023.01.24"]
[Round "11"]
[White "Preotu, Razvan"]
[Black "Reprintsev, Alexander"]
[Result "1-0"]
[WhiteElo "2478"]
[BlackElo "2298"]
[WhiteFideId "-1"]
[WhiteFideId "-1"]
[PlyCount "67"]
[GameId "1874951563227136"]
[EventDate "2023.01.24"]
[EventType "swiss (blitz)"]
[EventRounds "11"]
[EventCountry "NET"]
[SourceTitle "EXT 2024"]
[Source "ChessBase"]
[SourceDate "2023.10.10"]
[SourceVersion "1"]
[SourceVersionDate "2023.10.10"]
[SourceQuality "1"]

1. e4 d5 2. exd5 Qxd5 3. Nc3 Qa5 4. d4 Nf6 5. Nf3 Nc6 6. Bb5 Ne4 7. Bd2 Nxc3 8. Bxc6+ bxc6 9. Bxc3 Qd5 10. O-O Bg4 11. Re1 Bxf3 12. Qxf3 Qxf3 13. gxf3 e6 14. Rad1 Bd6 15. d5 cxd5 16. Rxd5 Kd7 17. Ra5 Rhb8 18. Re4 Rb7 19. Rea4 f6 20. h3 c6 21. Kf1 Bc7 22. Rh5 h6 23. Rg4 g5 24. Rxh6 Bd8 25. Rh7+ Kc8 26. Rh8 Rf7 27. Rd4 Rd7 28. Rxd7 Kxd7 29. Bxf6 Rc8 30. Rxd8+ Rxd8 31. Bxd8 Kxd8 32. Ke2 Kd7 33. Ke3 Kd6 34. f4 1-0

[Event "Titled Tuesday 2023.01.24 Late"]
[Site "chess.com INT"]
[Date "2023.01.24"]
[Round "1"]
[White "Preotu, Razvan"]
[Black "Rengifo Blancas, Renzo Jhonathan"]
[Result "1-0"]
[WhiteElo "2478"]
[BlackElo "2131"]
[WhiteFideId "-1"]
[WhiteFideId "-1"]
[PlyCount "55"]
[GameId "2130307564327761"]
[EventDate "2023.01.24"]
[EventType "swiss (blitz)"]
[EventRounds "11"]
[EventCountry "NET"]
[SourceTitle "The Week in Chess 1473"]
[Source "Mark Crowther"]
[SourceDate "2023.01.30"]
[SourceVersion "1"]
[SourceVersionDate "2023.01.30"]
[SourceQuality "2"]

1. e4 e5 2. Nf3 Nc6 3. Bc4 Bc5 4. c3 Nf6 5. d3 a6 6. O-O O-O 7. Re1 Ba7 8. Bg5 d6 9. Nbd2 Be6 10. b4 h6 11. Bh4 Re8 12. a4 Bxc4 13. Nxc4 b5 14. Ne3 Bxe3 15. fxe3 Re6 16. d4 exd4 17. exd4 g5 18. d5 Rxe4 19. dxc6 gxh4 20. Rxe4 Nxe4 21. Qd4 Ng5 22. Nxh4 Qe8 23. Nf5 Qe5 24. Qxe5 dxe5 25. axb5 Ne4 26. bxa6 Nd6 27. Nxd6 cxd6 28. b5 1-0

[Event "Titled Tuesday 2023.01.24 Late"]
[Site "chess.com INT"]
[Date "2023.01.24"]
[Round "2"]
[White "Herman, Daniel"]
[Black "Preotu, Razvan"]
[Result "0-1"]
[WhiteElo "1957"]
[BlackElo "2478"]
[WhiteFideId "-1"]
[WhiteFideId "-1"]
[PlyCount "90"]
[GameId "2130307564331878"]
[EventDate "2023.01.24"]
[EventType "swiss (blitz)"]
[EventRounds "11"]
[EventCountry "NET"]
[SourceTitle "The Week in Chess 1473"]
[Source "Mark Crowther"]
[SourceDate "2023.01.30"]
[SourceVersion "1"]
[SourceVersionDate "2023.01.30"]
[SourceQuality "2"]

1. e4 c5 2. Nf3 d6 3. d4 cxd4 4. Nxd4 Nf6 5. Nc3 a6 6. h3 e5 7. Nde2 h5 8. Bg5 Be6 9. Bxf6 Qxf6 10. Nd5 Qd8 11. Nec3 g6 12. Bc4 Bh6 13. Bb3 O-O 14. O-O Nc6 15. Ne3 Bxe3 16. fxe3 Bxb3 17. axb3 Qg5 18. Qf3 Nb4 19. Rf2 b5 20. Rd1 Rad8 21. Nd5 Nxd5 22. Rxd5 Rd7 23. Kh2 Rc8 24. c3 Rc6 25. b4 Kg7 26. Rfd2 Qf6 27. Rd1 Qe6 28. h4 Rc4 29. R1d2 Kf8 30. Kg1 Ke7 31. Kf2 Qg4 32. Qg3 Rxe4 33. Qxg4 Rxg4 34. g3 Ke6 35. R5d3 d5 36. Rd1 f6 37. Ra1 Rd6 38. Ra5 g5 39. hxg5 fxg5 40. Rd1 Kf5 41. Rda1 d4 42. cxd4 exd4 43. exd4 Rgxd4 44. Rxa6 Rd2+ 45. Kf3 R6d3# 0-1

[Event "Titled Tuesday 2023.01.24 Late"]
[Site "chess.com INT"]
[Date "2023.01.24"]
[Round "4"]
[White "Preotu, Razvan"]
[Black "Sevian, Samuel"]
[Result "0-1"]
[WhiteElo "2478"]
[BlackElo "2687"]
[WhiteFideId "-1"]
[WhiteFideId "-1"]
[PlyCount "128"]
[GameId "2130307564336056"]
[EventDate "2023.01.24"]
[EventType "swiss (blitz)"]
[EventRounds "11"]
[EventCountry "NET"]
[SourceTitle "The Week in Chess 1473"]
[Source "Mark Crowther"]
[SourceDate "2023.01.30"]
[SourceVersion "1"]
[SourceVersionDate "2023.01.30"]
[SourceQuality "2"]

1. e4 c6 2. Nc3 d5 3. Nf3 g6 4. d4 Bg7 5. h3 Nf6 6. e5 Ne4 7. Nxe4 dxe4 8. Ng5 c5 9. Bb5+ Bd7 10. Bxd7+ Qxd7 11. d5 Bxe5 12. Nxe4 Qb5 13. Qe2 Qxe2+ 14. Kxe2 Nd7 15. Rd1 O-O 16. c3 Rfd8 17. Bg5 b6 18. Bxe7 Re8 19. d6 Bxd6 20. Bxd6 Rxe4+ 21. Kf1 Rae8 22. Rd2 Nf6 23. f3 R4e6 24. Rad1 h6 25. Kf2 Kg7 26. g4 Nh7 27. h4 Nf6 28. Bf4 b5 29. Bd6 Rc8 30. g5 Nh7 31. f4 f6 32. gxf6+ Nxf6 33. Be5 Kf7 34. Kf3 g5 35. Rd6 g4+ 36. Kg2 Rce8 37. Rxe6 Rxe6 38. Rd8 h5 39. Rc8 Nd7 40. Rc7 Ke8 41. Rxa7 Nxe5 42. fxe5 Rxe5 43. Kg3 Re3+ 44. Kf4 Rf3+ 45. Kg5 g3 46. Kxh5 Rf5+ 47. Kh6 Rf6+ 48. Kh5 Rg6 49. Kxg6 g2 50. h5 g1=Q+ 51. Kh6 Qe3+ 52. Kg6 Qg3+ 53. Kh6 c4 54. Ra8+ Ke7 55. Ra7+ Kf6 56. Ra6+ Kf5 57. Rg6 Qf4+ 58. Kg7 Qc7+ 59. Kh6 Qe7 60. a3 Qe3+ 61. Kg7 Qa7+ 62. Kg8 Qf2 63. Kg7 Qxb2 64. Rf6+ Kg5 0-1

[Event "Titled Tuesday 2023.01.24 Late"]
[Site "chess.com INT"]
[Date "2023.01.24"]
[Round "5"]
[White "Karas, Marek"]
[Black "Preotu, Razvan"]
[Result "1/2-1/2"]
[WhiteElo "2231"]
[BlackElo "2478"]
[WhiteFideId "-1"]
[WhiteFideId "-1"]
[PlyCount "141"]
[GameId "2130307564340183"]
[EventDate "2023.01.24"]
[EventType "swiss (blitz)"]
[EventRounds "11"]
[EventCountry "NET"]
[SourceTitle "The Week in Chess 1473"]
[Source "Mark Crowther"]
[SourceDate "2023.01.30"]
[SourceVersion "1"]
[SourceVersionDate "2023.01.30"]
[SourceQuality "2"]

1. d4 Nf6 2. Nf3 g6 3. Nc3 d5 4. Bf4 Bg7 5. e3 O-O 6. Nb5 Na6 7. h3 Ne4 8. Be2 c6 9. Nc3 Qa5 10. O-O Nxc3 11. bxc3 Qxc3 12. Qd2 Qxd2 13. Nxd2 Bf5 14. Bxa6 bxa6 15. Rfc1 f6 16. Nb3 e5 17. Bg3 Rae8 18. c4 Be6 19. Nc5 dxc4 20. Nxe6 Rxe6 21. dxe5 fxe5 22. Rxc4 Rd8 23. Rac1 Rd2 24. Rxc6 Rxc6 25. Rxc6 Rxa2 26. Rc8+ Kf7 27. Rc7+ Kg8 28. Rc8+ Kf7 29. Rc7+ Kg8 30. Rxa7 h5 31. Ra8+ Kh7 32. Ra7 Kh6 33. Kh2 Bf6 34. h4 g5 35. hxg5+ Kxg5 36. Kh3 Kf5 37. f3 e4 38. Rf7 Kg6 39. Ra7 Ra3 40. Bf4 Kf5 41. Rh7 h4 42. Rf7 Ke6 43. Ra7 Be7 44. Kg4 Bc5 45. Ra8 exf3 46. gxf3 Be7 47. e4 Ra1 48. Be3 Re1 49. Rxa6+ Kf7 50. Bf2 Rf1 51. Bxh4 Bxh4 52. Kxh4 Rxf3 53. Kg4 Rf1 54. Ra5 Ke6 55. Kg3 Rf8 56. Rg5 Rf7 57. Rg4 Rf8 58. Rg5 Rf7 59. Kg4 Rf8 60. Rf5 Rxf5 61. exf5+ Kf6 62. Kf4 Kf7 63. Kg5 Kg7 64. f6+ Kf7 65. Kf5 Kf8 66. Ke6 Ke8 67. Ke5 Kf7 68. Kf5 Kf8 69. Kg6 Kg8 70. f7+ Kf8 71. Kf6 1/2-1/2

[Event "Titled Tuesday 2023.01.24 Late"]
[Site "chess.com INT"]
[Date "2023.01.24"]
[Round "9"]
[White "Poliakova, Varvara"]
[Black "Preotu, Razvan"]
[Result "0-1"]
[WhiteElo "1835"]
[BlackElo "2478"]
[WhiteFideId "-1"]
[WhiteFideId "-1"]
[PlyCount "52"]
[GameId "2130307564344395"]
[EventDate "2023.01.24"]
[EventType "swiss (blitz)"]
[EventRounds "11"]
[EventCountry "NET"]
[SourceTitle "The Week in Chess 1473"]
[Source "Mark Crowther"]
[SourceDate "2023.01.30"]
[SourceVersion "1"]
[SourceVersionDate "2023.01.30"]
[SourceQuality "2"]

1. e4 c5 2. Nc3 d6 3. d3 Nc6 4. g3 g6 5. Bg2 Bg7 6. f4 e6 7. Nf3 Nge7 8. O-O O-O 9. Be3 Nd4 10. Rb1 b6 11. Ne2 Nxf3+ 12. Bxf3 d5 13. d4 dxe4 14. Bxe4 Ba6 15. Rf2 Nf5 16. Bxf5 exf5 17. dxc5 Qxd1+ 18. Rxd1 Rfe8 19. cxb6 Rxe3 20. Nd4 axb6 21. Nc6 Bb7 22. Nd8 Be4 23. Rd7 Rxa2 24. Nxf7 Bc6 25. Rc7 Re1+ 26. Rf1 Bd4# 0-1